000 00858nam a22001697a 4500
999 _c7967
_d7967
008 230717b ||||| |||| 00| 0 eng d
040 _aCDMR
245 _aEstudi sobre la tipologia i tractament informatiu que rep la joventut migrada sense referents familiars en els mitjans de comunicació i les xarxes socials [Recurs electrònic]
_c/ estudi elaborat per Sònia Cormenzana, Joan Palomés ; amb el suport de Fundació Barça
260 _aBarcelona :
_bCol·legi de Periodistes de Catalunya,
_c2021
300 _a1 recurs electrònic (162 pàgines)
650 0 _94989
_aJoves immigrants
_xCobertura periodística
650 0 _94890
_aMigració forçosa
_vCobertura periodística
700 _94987
_aCormenzana, Sònia
700 _94988
_aPalomés, Joan
856 _uhttps://omeka.periodistes.cat/items/show/647
_zAccés en línia
942 _2udc
_cLLIBRE-E